00737nam a2200145Ia 4500008004100000020001800041100001900059245005000078260003900128650026000167650002200427856005000449999001900499952007300518171212s9999 xx 000 0 und d a9780987073044 aMosler, Sharon cMosler, SharonaHeritage Politics in Adelaide bUniversity of Adelaide Pressc2011 aBannon, John, 1943-; City planning -- South Australia -- Adelaide; Historic buildings -- Conservation and restoration -- South Australia -- Government policy; Cultural property, Protection of -- South Australia; Adelaide (S. Aust.) -- Buildings, structure aPolitical Science uhttp://jstor.org/stable/10.20851/j.ctt1t30522 c352925d352925 001040aCLbCLd2017-12-12l0r2017-12-12 00:00:00w2017-12-12yCBE